Vista normal
Vista MARC
Entrada Personal Name
Número de registros utilizados en: 1
001 - CONTROL NUMBER
- control field: 3068
003 - CONTROL NUMBER IDENTIFIER
- control field: OSt
005 - DATE AND TIME OF LATEST TRANSACTION
- control field: 20200415152416.0
008 - FIXED-LENGTH DATA ELEMENTS
- fixed length control field: 200415|| aca||aabn | a|a d
040 ## - CATALOGING SOURCE
- Original cataloging agency: OSt
- Transcribing agency: OSt
100 ## - HEADING--PERSONAL NAME
- Personal name: García Lorca, Federico,
- Dates associated with a name: 1898-1936
670 ## - SOURCE DATA FOUND
- Source citation: Work cat.: (OSt)3321: García Lorca, Federico, 1898-1936 autor, Bodas de sangre / , ©2017